[Event "28th 4NCL Congress"]
[Site "Leamington Spa"]
[Date "2022.07.10"]
[Round "5"]
[Board "1"]
[White "Khomytska, Kateryna"]
[Black "Salisbury, Paul"]
[Result "0-1"]
[WhiteElo "1297"]
[BlackElo "1692"]
[PlyCount "140"]
[EventDate "2022.07.08"]
[EventRounds "5"]
[EventCountry "ENG"]

1. e4 d6 2. d4 Nf6 3. Nc3 c6 4. Nf3 Qc7 5. Bf4 Qa5 6. Bd3 Bg4 7. h3 Bxf3 8.
Qxf3 e5 9. dxe5 dxe5 10. Bg5 Nbd7 11. Bc4 Be7 12. O-O O-O 13. Qg3 Rfe8 14. Rad1
Rad8 15. Rfe1 Qc7 16. Qf3 b5 17. Bb3 Nc5 18. Bxf6 Bxf6 19. Ne2 Nxb3 20. axb3
Rxd1 21. Rxd1 Rd8 22. Ng3 Rxd1+ 23. Qxd1 Qd8 24. Qxd8+ Bxd8 25. Nf5 a5 26. Kf1
Bg5 27. Ke2 Kf8 28. Kd3 Bd8 29. g3 g6 30. Ne3 Ke7 31. c4 Ke6 32. cxb5 cxb5 33.
Nd5 f5 34. Nc3 Kd6 35. Nd5 h5 36. b4 axb4 37. b3 h4 38. Ne3 hxg3 39. fxg3 f4
40. gxf4 exf4 41. Ng4 Bh4 42. e5+ Kd5 43. Nh2 Bd8 44. Nf3 Bc7 45. Nh4 g5 46.
Nf3 Bd8 47. Nd4 Be7 48. Nf3 Bd8 49. Nd4 Bb6 50. e6 Bd8 51. Nf3 Kxe6 52. Ke4 Bf6
53. Ne1 Be7 54. Nc2 Bc5 55. Ne1 Be7 56. Nd3 Kf6 57. Ne5 Bd6 58. Nf3 Kg6 59. Kd5
Bf8 60. Ke6 Kh5 61. Kf6 g4 62. hxg4+ Kxg4 63. Ne5+ Kg3 64. Ke6 f3 65. Nxf3 Kxf3
66. Kd5 Ke3 67. Kc6 Kd4 68. Kxb5 Kc3 69. Ka4 Be7 70. Ka5 Kxb3  0-1

[Event "28th 4NCL Congress"]
[Site "Leamington Spa"]
[Date "2022.07.10"]
[Round "5"]
[Board "2"]
[White "Fernando, Manel"]
[Black "Bullock, Lee"]
[Result "1-0"]
[WhiteElo "1651"]
[BlackElo "1582"]
[PlyCount "165"]
[EventDate "2022.07.08"]
[EventRounds "5"]
[EventCountry "ENG"]

1. d4 Nf6 2. Nf3 d6 3. Bf4 Nbd7 4. h3 c6 5. e3 Qb6 6. Qc1 e5 7. dxe5 dxe5 8.
Nxe5 Qa5+ 9. Qd2 Bb4 10. c3 Nxe5 11. Bxe5 Qxe5 12. cxb4 Ne4 13. Qd4 Qxd4 14.
exd4 O-O 15. Bd3 Re8 16. O-O Bf5 17. Rd1 Rad8 18. Bf1 Ng5 19. Nc3 Ne6 20. d5
cxd5 21. Nxd5 Be4 22. Bb5 Rf8 23. Ne7+ Kh8 24. f3 Bc2 25. Rxd8 Rxd8 26. Rc1 Nd4
27. Bc4 a6 28. Kf1 Rd7 29. Re1 g6 30. Bxf7 Kg7 31. Bc4 b5 32. Bd5 Bd3+ 33. Kf2
Kf8 34. Be4 Nc2 35. Rd1 Nxb4 36. Nc6 Nxc6 37. Bxc6 Rc7 38. Rxd3 Rxc6 39. Rd2
Rc7 40. Ke2 Re7+ 41. Kd1 Kf7 42. a3 Rc7 43. Rd3 a5 44. Kd2 Kf6 45. Rc3 Rd7+ 46.
Kc2 Re7 47. Rc6+ Kf7 48. Rd6 Re2+ 49. Rd2 Re7 50. g4 Kf6 51. f4 Re4 52. Rd6+
Ke7 53. Rd5 Rc4+ 54. Kd3 Rxf4 55. Rxb5 Rf3+ 56. Kc4 a4 57. Kb4 Rxh3 58. Kxa4
Rh4 59. Rb4 Kd6 60. Kb5 Kc7 61. a4 h5 62. Rc4+ Kb7 63. gxh5 Rxh5+ 64. Rc5 Rh2
65. b4 Rh5 66. a5 Ka7 67. Kc6 Ka6 68. Kd6 Kb7 69. Rxh5 gxh5 70. Ke5 Kc6 71. Kf4
Kb5 72. Kg5 Ka6 73. Kxh5 Kb5 74. Kg5 Ka6 75. Kf5 Kb5 76. Ke5 Ka6 77. Kd5 Kb5
78. Kd6 Ka6 79. Kc6 Ka7 80. b5 Kb8 81. a6 Ka8 82. Kc7 Ka7 83. b6+  1-0

[Event "28th 4NCL Congress"]
[Site "Leamington Spa"]
[Date "2022.07.10"]
[Round "5"]
[Board "3"]
[White "Harrison, Oliver"]
[Black "Borissow, Magnus"]
[Result "0-1"]
[WhiteElo "1629"]
[BlackElo "1528"]
[PlyCount "102"]
[EventDate "2022.07.08"]
[EventRounds "5"]
[EventCountry "ENG"]

1. e4 c5 2. Nf3 Nc6 3. c3 Nf6 4. e5 Nd5 5. d4 cxd4 6. cxd4 d6 7. Bc4 e6 8. O-O
Be7 9. Re1 O-O 10. a3 a6 11. Qc2 Bd7 12. Nc3 Nxc3 13. Qxc3 Rc8 14. exd6 Bxd6
15. Qd3 Na5 16. Ba2 Bb5 17. Qe4 Bc6 18. Qd3 Bxf3 19. Qxf3 Qh4 20. Bd2 Qxh2+ 21.
Kf1 Rc2 22. Qd3 Rfc8 23. Bb1 Rxd2 24. Qxd2 Nb3 25. Qd1 Nxa1 26. Be4 Qh1+ 27.
Ke2 Qh5+ 28. f3 Bg3 29. Qxa1 Bxe1 30. Qxe1 g6 31. Qd2 Qb5+ 32. Kf2 Rd8 33. Qc3
Qb6 34. Ke2 Qxd4 35. Qxd4 Rxd4 36. Bxb7 a5 37. Ke3 e5 38. b3 f5 39. g3 g5 40.
f4 gxf4+ 41. gxf4 Rxf4 42. Kd3 Kf8 43. Ke3 Rd4 44. Bc6 Ke7 45. Bb5 h5 46. Be2
h4 47. Bf3 f4+ 48. Ke2 e4 49. Bg4 Kf6 50. b4 axb4 51. axb4 Rxb4  0-1

[Event "28th 4NCL Congress"]
[Site "Leamington Spa"]
[Date "2022.07.10"]
[Round "5"]
[Board "4"]
[White "Maher, Mike P"]
[Black "Seymour, Paul"]
[Result "1/2-1/2"]
[WhiteElo "1693"]
[BlackElo "1674"]
[PlyCount "44"]
[EventDate "2022.07.08"]
[EventRounds "5"]
[EventCountry "ENG"]

1. d4 Nf6 2. c4 e6 3. Nc3 d5 4. cxd5 exd5 5. Bg5 Be7 6. e3 a6 7. Bd3 Nbd7 8.
Qc2 h6 9. Bh4 c5 10. Nge2 b5 11. O-O O-O 12. a3 c4 13. Bf5 Nb6 14. f3 Bxf5 15.
Qxf5 Qd7 16. Qxd7 Nbxd7 17. e4 g5 18. Bg3 dxe4 19. fxe4 Kg7 20. e5 Nh5 21. Ne4
f5 22. exf6+ Nhxf6  1/2-1/2

[Event "28th 4NCL Congress"]
[Site "Leamington Spa"]
[Date "2022.07.10"]
[Round "5"]
[Board "5"]
[White "Belinger, John"]
[Black "Fearnhead, Paul N"]
[Result "0-1"]
[WhiteElo "1685"]
[BlackElo "1694"]
[PlyCount "102"]
[EventDate "2022.07.08"]
[EventRounds "5"]
[EventCountry "ENG"]

1. e4 d6 2. d4 Nf6 3. Nc3 e5 4. dxe5 dxe5 5. Qxd8+ Kxd8 6. Bg5 Be6 7. O-O-O+
Nbd7 8. a3 c6 9. f3 h6 10. Be3 Kc7 11. Nge2 Bc5 12. Bxc5 Nxc5 13. Ng3 b5 14. b4
Nb7 15. Be2 a5 16. Kb2 axb4 17. axb4 g6 18. Ra1 Nd6 19. Rxa8 Rxa8 20. Ra1 Rxa1
21. Kxa1 g5 22. h3 h5 23. Nf1 h4 24. Ne3 Nh5 25. Ncd1 Nf4 26. Bf1 f5 27. exf5
Bxf5 28. Kb1 Be6 29. Kc1 e4 30. fxe4 Nxe4 31. Bd3 Nf6 32. Kd2 Kd6 33. Nf2 N6d5
34. Be4 Nxb4 35. c3 Nbd5 36. Bf3 Nxe3 37. Kxe3 Bd5 38. Ne4+ Bxe4 39. Kxe4 Nd5
40. Kd3 c5 41. Be4 Ke5 42. Bf3 b4 43. cxb4 cxb4 44. Kc4 Ne3+ 45. Kxb4 Kf4 46.
Kc3 Kg3 47. Kd3 Nxg2 48. Bg4 Nf4+ 49. Ke3 Nxh3 50. Bd7 Nf2 51. Ke2 h3  0-1

[Event "28th 4NCL Congress"]
[Site "Leamington Spa"]
[Date "2022.07.10"]
[Round "5"]
[Board "6"]
[White "Jerome, Stellio"]
[Black "Dos Santos Silva, Bruno Alexandre"]
[Result "1-0"]
[WhiteElo "1562"]
[BlackElo "1679"]
[PlyCount "44"]
[EventDate "2022.07.08"]
[EventRounds "5"]
[EventCountry "ENG"]

1. e4 c5 2. d4 cxd4 3. c3 dxc3 4. Nxc3 Nc6 5. Nf3 e6 6. Bc4 a6 7. O-O b5 8. Bb3
Bc5 9. Qe2 Nge7 10. Bg5 O-O 11. Rfd1 Qb6 12. Bh4 Ng6 13. Bg3 Rd8 14. e5 Bb7 15.
Ne4 Be7 16. h4 Bf8 17. h5 Nge7 18. Bc2 Nf5 19. Bh2 Ncd4 20. Nxd4 Nxd4 21. Rxd4
Qxd4 22. Rd1 Qxe5  1-0

[Event "28th 4NCL Congress"]
[Site "Leamington Spa"]
[Date "2022.07.10"]
[Round "5"]
[Board "7"]
[White "Weersing, Nathan"]
[Black "Homer, Neil S"]
[Result "0-1"]
[WhiteElo "1560"]
[BlackElo "1673"]
[PlyCount "90"]
[EventDate "2022.07.08"]
[EventRounds "5"]
[EventCountry "ENG"]

1. e4 c6 2. d4 d5 3. Nc3 dxe4 4. Nxe4 Bf5 5. Ng3 Bg6 6. Nf3 Nd7 7. Bd3 e6 8. c3
Ngf6 9. Qc2 Qc7 10. O-O Bd6 11. c4 Bxd3 12. Qxd3 h6 13. c5 Be7 14. h3 O-O 15.
b4 a5 16. b5 cxb5 17. Qxb5 a4 18. Rb1 Rfb8 19. Bd2 Nd5 20. Rfc1 Qc6 21. Qxc6
bxc6 22. Rxb8+ Rxb8 23. Rc2 Rb1+ 24. Kh2 Rb7 25. Rc4 Ra7 26. Ne2 Bf6 27. a3 e5
28. Nc3 Nxc3 29. Bxc3 exd4 30. Nxd4 Bxd4 31. Bxd4 Ra5 32. Kg3 f6 33. Kf4 Kf7
34. h4 Ke6 35. Be3 Kf7 36. Bd4 g6 37. g4 Nf8 38. Ke4 Ne6 39. Be3 Kg7 40. f4 Nc7
41. Bd2 Ra8 42. g5 hxg5 43. hxg5 f5+ 44. Ke5 Nb5 45. Rb4 Re8#  0-1

[Event "28th 4NCL Congress"]
[Site "Leamington Spa"]
[Date "2022.07.10"]
[Round "5"]
[Board "10"]
[White "Watkinson, Phil K"]
[Black "Blower, Trevor R"]
[Result "0-1"]
[WhiteElo "1552"]
[BlackElo "1607"]
[PlyCount "118"]
[EventDate "2022.07.08"]
[EventRounds "5"]
[EventCountry "ENG"]

1. d4 f5 2. Bg5 g6 3. c4 Bg7 4. e3 d6 5. Nf3 c6 6. Nc3 Qc7 7. h3 Be6 8. Rc1 Nd7
9. d5 Bf7 10. Nd4 Nf8 11. Be2 Nf6 12. Bf3 c5 13. Nb3 a6 14. O-O N8d7 15. e4 Ne5
16. exf5 Nxc4 17. Qe2 b5 18. fxg6 hxg6 19. Rfe1 Nb6 20. Bxf6 Bxf6 21. Rcd1
O-O-O 22. Ne4 Be5 23. Ng5 Bg8 24. Bg4+ Kb8 25. Be6 Rh5 26. Bxg8 Rxg8 27. Ne6
Qc8 28. Na5 Nxd5 29. Rxd5 Qxe6 30. Nc6+ Kc7 31. Rxe5 dxe5 32. Nxe5 Rg7 33. f4
Rgh7 34. Qf2 Qd6 35. Qf3 Rf5 36. Rd1 Qxe5 37. fxe5 Rxf3 38. gxf3 Rxh3 39. Kg2
Rh4 40. Kg3 g5 41. e6 Rd4 42. Rc1 Kd6 43. Rc2 c4 44. Re2 a5 45. Kf2 Kd5 46. Ke3
Rd3+ 47. Kf2 b4 48. Rc2 Kd4 49. Re2 c3 50. Re4+ Kd5 51. Re2 a4 52. Rc2 Kd4 53.
Ke2 Re3+ 54. Kf2 Rxe6 55. bxc3+ bxc3 56. Rc1 Re3 57. Rd1+ Rd3 58. Rc1 Rd2+ 59.
Ke1 Rxa2  0-1

[Event "28th 4NCL Congress"]
[Site "Leamington Spa"]
[Date "2022.07.10"]
[Round "5"]
[Board "12"]
[White "Wallman, James"]
[Black "Morrish, John"]
[Result "0-1"]
[WhiteElo "1530"]
[BlackElo "1678"]
[PlyCount "120"]
[EventDate "2022.07.08"]
[EventRounds "5"]
[EventCountry "ENG"]

1. e4 e5 2. Nf3 Nf6 3. Nc3 Nc6 4. Bc4 h6 5. a3 Bc5 6. h3 O-O 7. d3 d6 8. O-O
Ne7 9. Be3 Bb6 10. Bxb6 axb6 11. Qe2 Ng6 12. Rad1 Nf4 13. Qd2 Qd7 14. Ne2 Nxg2
15. Kxg2 Qxh3+ 16. Kg1 Qxf3 17. Qe3 Bg4 18. Qxf3 Bxf3 19. Rde1 Ng4 20. Ng3 g6
21. c3 h5 22. d4 exd4 23. cxd4 Rae8 24. Be2 Bxe2 25. Rxe2 h4 26. Nh1 f5 27. f3
Nf6 28. Rg2 Kh7 29. exf5 gxf5 30. Rh2 Rg8+ 31. Kf2 Rg5 32. Rxh4+ Rh5 33. Rxh5+
Nxh5 34. Rc1 Re7 35. b4 Nf4 36. Rc2 Kg6 37. Ng3 Kg5 38. Rd2 Nd5 39. Rd3 b5 40.
Ne2 Rxe2+ 41. Kxe2 Nf4+ 42. Ke3 Nxd3 43. Kxd3 Kf4 44. Ke2 c6 45. Kf2 b6 46. Ke2
c5 47. dxc5 dxc5 48. bxc5 bxc5 49. Kf2 c4 50. Ke2 Ke5 51. Ke3 f4+ 52. Kd2 Kd4
53. Kc2 Ke3 54. Kc3 Kxf3 55. Kb4 Ke3 56. Kxb5 c3 57. a4 c2 58. a5 c1=Q 59. a6
Qa1 60. Kb6 Qxa6+  0-1

[Event "28th 4NCL Congress"]
[Site "Leamington Spa"]
[Date "2022.07.10"]
[Round "5"]
[Board "13"]
[White "Gibson, Stephen"]
[Black "Gill, Gursharanjit S"]
[Result "0-1"]
[WhiteElo "1511"]
[BlackElo "1660"]
[PlyCount "52"]
[EventDate "2022.07.08"]
[EventRounds "5"]
[EventCountry "ENG"]

1. e4 e6 2. f4 c5 3. Nf3 Nc6 4. Be2 Qc7 5. d3 d6 6. O-O Nge7 7. Be3 g6 8. Nbd2
Bg7 9. c3 b6 10. Rc1 e5 11. Qe1 Be6 12. a3 h6 13. Qg3 O-O-O 14. h3 exf4 15.
Bxf4 g5 16. Be3 f5 17. exf5 Nxf5 18. Qf2 Nxe3 19. Qxe3 Rde8 20. Qf2 Rhf8 21.
Qg3 Kb7 22. Rce1 Bd5 23. Bd1 Ne5 24. Bc2 Qc6 25. Re3 Nxf3+ 26. Nxf3 Rxe3  0-1

[Event "28th 4NCL Congress"]
[Site "Leamington Spa"]
[Date "2022.07.10"]
[Round "5"]
[Board "14"]
[White "Ravi, Vash"]
[Black "Morris, Nigel W"]
[Result "1-0"]
[WhiteElo "1484"]
[BlackElo "1619"]
[PlyCount "71"]
[EventDate "2022.07.08"]
[EventRounds "5"]
[EventCountry "ENG"]

1. d4 Nf6 2. Bg5 c5 3. d5 d6 4. c4 e6 5. e4 exd5 6. cxd5 a6 7. Bd3 g6 8. Nf3
Bg4 9. h3 Bxf3 10. Qxf3 Nbd7 11. Nd2 Bg7 12. O-O b5 13. b3 O-O 14. Rfe1 Qc7 15.
Rac1 Ne5 16. Qe3 Nxd3 17. Qxd3 Nd7 18. Qg3 Rfe8 19. f4 a5 20. f5 Qb6 21. fxg6
fxg6 22. Rf1 a4 23. Be3 axb3 24. axb3 Qc7 25. Rf2 Rf8 26. Qh4 Rxf2 27. Bxf2 Ra2
28. Nf3 Nf6 29. Ng5 Qe7 30. Ne6 Bh8 31. b4 c4 32. Bd4 h5 33. Rf1 Kf7 34. Qg5
Ra3 35. Qh6 Ra8 36. Qh7+  1-0

[Event "28th 4NCL Congress"]
[Site "Leamington Spa"]
[Date "2022.07.10"]
[Round "5"]
[Board "15"]
[White "Usher, Frank"]
[Black "Madden, Jason D"]
[Result "0-1"]
[WhiteElo "1548"]
[BlackElo "1521"]
[PlyCount "62"]
[EventDate "2022.07.08"]
[EventRounds "5"]
[EventCountry "ENG"]

1. e4 e6 2. d4 d5 3. e5 Bd7 4. Bd3 c5 5. c3 Nc6 6. Nf3 cxd4 7. O-O dxc3 8. Nxc3
Nge7 9. Re1 Ng6 10. Bg5 Qb6 11. Re2 Qc7 12. Nb5 Qb6 13. Be3 Qd8 14. Nd6+ Bxd6
15. exd6 e5 16. Bxg6 hxg6 17. Qxd5 Be6 18. Qd2 Bg4 19. Qd5 Bxf3 20. gxf3 Qh4
21. f4 Qxh2+ 22. Kf1 Qh1+ 23. Qxh1 Rxh1+ 24. Kg2 Rxa1 25. fxe5 Kd7 26. f4 Rxa2
27. Bc5 b6 28. Ba3 Rxa3 29. bxa3 Nd4 30. Re4 Nf5 31. Rc4 Ne3+  0-1

[Event "28th 4NCL Congress"]
[Site "Leamington Spa"]
[Date "2022.07.10"]
[Round "5"]
[Board "21"]
[White "Holden, Hayden"]
[Black "Gomez, Mario"]
[Result "1-0"]
[WhiteElo "1562"]
[BlackElo "1315"]
[PlyCount "75"]
[EventDate "2022.07.08"]
[EventRounds "5"]
[EventCountry "ENG"]

1. e4 d6 2. d4 Nf6 3. Nc3 Nbd7 4. f4 e5 5. Nf3 exd4 6. Nxd4 Be7 7. Bd3 c6 8.
O-O Qc7 9. Qe1 Kf8 10. Rf3 a6 11. Re3 Ng4 12. Rg3 h5 13. h3 Nh6 14. Re3 Bf6 15.
Nf3 Be7 16. Nd1 b6 17. e5 dxe5 18. fxe5 Bc5 19. Qg3 Bxe3+ 20. Bxe3 Nf6 21. Qh4
Nd5 22. Bf2 Nf5 23. Qg5 g6 24. Bxf5 Bxf5 25. c4 Ne7 26. Bg3 Be6 27. Qf6 Kg8 28.
Ng5 Bxc4 29. e6 Bxe6 30. Bxc7 Nd5 31. Qe5 Rc8 32. Nxe6 fxe6 33. Qxe6+ Kh7 34.
Be5 Rhe8 35. Qf7+ Kh6 36. Bg7+ Kg5 37. Nc3 Re7 38. Bf6+  1-0

[Event "28th 4NCL Congress"]
[Site "Leamington Spa"]
[Date "2022.07.10"]
[Round "5"]
[Board "22"]
[White "Gregory, Gerald"]
[Black "Hylands, Keith A"]
[Result "1-0"]
[WhiteElo "1385"]
[BlackElo "1397"]
[PlyCount "73"]
[EventDate "2022.07.08"]
[EventRounds "5"]
[EventCountry "ENG"]

1. e4 e6 2. Nf3 Nc6 3. d4 d5 4. exd5 exd5 5. Nc3 Nf6 6. h3 Bd6 7. Bg5 h6 8.
Bxf6 Qxf6 9. Nxd5 Qe6+ 10. Ne3 Qd7 11. Bb5 a6 12. Ba4 b5 13. Bb3 O-O 14. c3 Bb7
15. O-O Ne7 16. Re1 Qc8 17. Bc2 Re8 18. Ng4 Ng6 19. Bxg6 fxg6 20. Qd3 Qf5 21.
Rad1 Rxe1+ 22. Nxe1 Qxd3 23. Rxd3 Re8 24. Kf1 Bd5 25. b3 a5 26. Ne3 Bf7 27. c4
bxc4 28. bxc4 Bf4 29. N1c2 a4 30. d5 Rd8 31. Nb4 Be8 32. Na6 c6 33. Nc5 Bf7 34.
Nxa4 Bxe3 35. fxe3 cxd5 36. cxd5 Bxd5 37. Rd4  1-0

[Event "28th 4NCL Congress"]
[Site "Leamington Spa"]
[Date "2022.07.10"]
[Round "5"]
[Board "23"]
[White "Kirkland, Arnold G"]
[Black "Hu, Edward"]
[Result "0-1"]
[WhiteElo "1614"]
[BlackElo "1380"]
[PlyCount "80"]
[EventDate "2022.07.08"]
[EventRounds "5"]
[EventCountry "ENG"]

1. e4 e5 2. Nc3 Nc6 3. g3 Nf6 4. Bg2 Bc5 5. Nge2 O-O 6. O-O d6 7. Na4 Bb6 8.
Nxb6 axb6 9. d4 Bg4 10. f3 Bh5 11. d5 Ne7 12. Bg5 Nd7 13. g4 Bg6 14. Ng3 f6 15.
Be3 Qe8 16. h4 h5 17. g5 f5 18. f4 fxe4 19. Bxe4 Bxe4 20. Nxe4 exf4 21. Rxf4
Rxf4 22. Bxf4 Ng6 23. Qf3 Qf8 24. Rf1 Ra4 25. Bg3 Qxf3 26. Nf6+ Qxf6 27. gxf6
Nxf6 28. Rd1 Rxa2 29. Rb1 Nxd5 30. c3 Ngf4 31. Re1 Rxb2 32. Bxf4 Nxf4 33. Re8+
Kf7 34. Rd8 Ke7 35. Rg8 Kf6 36. Rf8+ Ke5 37. Rf7 Ke4 38. Rxc7 Kf3 39. Kh1 g6
40. Rxb7 Kg3  0-1

[Event "28th 4NCL Congress"]
[Site "Leamington Spa"]
[Date "2022.07.10"]
[Round "5"]
[Board "24"]
[White "Page, Michael"]
[Black "Veeturi, Yashvardhan"]
[Result "0-1"]
[WhiteElo "1581"]
[BlackElo "1334"]
[PlyCount "72"]
[EventDate "2022.07.08"]
[EventRounds "5"]
[EventCountry "ENG"]

1. e4 c5 2. Nf3 Nc6 3. Bb5 a6 4. Bxc6 dxc6 5. O-O Bg4 6. h3 Bh5 7. c4 Qd3 8.
Ne5 Bxd1 9. Nxd3 Be2 10. Re1 Bxd3 11. Na3 Nf6 12. Re3 Bxe4 13. d3 Bg6 14. Re2
Bxd3 15. Re1 h6 16. Be3 e6 17. Rad1 Rd8 18. Rd2 Ne4 19. Rdd1 Be7 20. Bf4 Nf6
21. Bc7 Rd7 22. Bb6 O-O 23. Ba5 Bd8 24. Bc3 Bc7 25. g3 b5 26. cxb5 cxb5 27.
Bxf6 gxf6 28. Re3 Rfd8 29. Ree1 b4 30. Nb1 Bc2 31. Rc1 Rd1 32. b3 Rxc1 33. Rxc1
Rd1+ 34. Rxd1 Bxd1 35. f4 e5 36. Kf2 exf4  0-1